000 00367nam a2200145Ia 4500
008 150201s2010 xx 000 0 und d
082 _a610.7362
_bW10H
100 _aHOCHENBERRY , MARILYN J.
245 _aWONG'S ESSENTIALS OF PEDIATRICS NURSING
250 _a8TH
260 _bELSEVIER
_aINDIA
_c2010
300 _a1245
650 _aPEDIATRICS
942 _2ddc
_cBK
_03
999 _c2002
_d2002